Hoher Besuch im Jahr 1731 : der Kapuziner-Ordensgeneral P. Hartmann von Brixen in Freiburg

Détails bibliographiques
Publié dans:Freiburger Diözesan-Archiv. - Freiburg : Herder, 1865. - 36. 1985. - S. 117 - 121
Auteur principal: Remusch, Waltraud (Auteur)
Format: Article
Langue:German
Publié: 1985
Accès à la collection:Freiburger Diözesan-Archiv
LEADER 01000caa a22002652c 4500
001 1875447652
003 DE-627
005 20240425204941.0
007 tu
008 231214s1985 xx ||||| 00| ||ger c
035 |a (DE-627)1875447652 
035 |a (DE-599)KXP1875447652 
040 |a DE-627  |b ger  |c DE-627  |e rda 
041 |a ger 
084 |a 08  |2 bwlb 
100 1 |a Remusch, Waltraud  |e verfasserin  |4 aut 
245 1 0 |a Hoher Besuch im Jahr 1731  |b der Kapuziner-Ordensgeneral P. Hartmann von Brixen in Freiburg 
264 1 |c 1985 
336 |a Text  |b txt  |2 rdacontent 
337 |a ohne Hilfsmittel zu benutzen  |b n  |2 rdamedia 
338 |a Band  |b nc  |2 rdacarrier 
600 0 7 |0 (DE-588)12033514X  |0 (DE-627)080611109  |0 (DE-576)292165390  |a Hartmannus  |c a Brixen  |d 1657-1734  |2 gnd  |7 (dpeaa)DE-631 
651 7 |0 (DE-588)4018272-1  |0 (DE-627)106326686  |0 (DE-576)208923535  |a Freiburg im Breisgau  |2 gnd  |7 (dpeaa)DE-631 
773 0 8 |i Enthalten in  |t Freiburger Diözesan-Archiv  |d Freiburg : Herder, 1865  |g 36. 1985. - S. 117 - 121  |w (DE-627)129069248  |w (DE-600)1713-9  |w (DE-576)014400979  |x 0342-0213  |7 nnas 
773 1 8 |g year:1985  |g pages:117-121 
912 |a GBV_USEFLAG_U 
912 |a GBV_ILN_2568 
912 |a ISIL_DE-631 
912 |a SYSFLAG_1 
912 |a GBV_KXP 
912 |a GBV_ILN_11 
912 |a GBV_ILN_21 
912 |a GBV_ILN_31 
912 |a GBV_ILN_40 
912 |a GBV_ILN_50 
912 |a GBV_ILN_267 
912 |a GBV_ILN_350 
912 |a GBV_ILN_2001 
912 |a GBV_ILN_2002 
912 |a GBV_ILN_2003 
912 |a GBV_ILN_2004 
912 |a GBV_ILN_2005 
912 |a GBV_ILN_2007 
912 |a GBV_ILN_2008 
912 |a GBV_ILN_2009 
912 |a GBV_ILN_2011 
912 |a GBV_ILN_2012 
912 |a GBV_ILN_2014 
912 |a GBV_ILN_2016 
912 |a GBV_ILN_2018 
912 |a GBV_ILN_2036 
912 |a GBV_ILN_2046 
912 |a GBV_ILN_2056 
912 |a GBV_ILN_2083 
912 |a GBV_ILN_2084 
912 |a GBV_ILN_2087 
912 |a GBV_ILN_2127 
912 |a GBV_ILN_2130 
912 |a GBV_ILN_2140 
912 |a GBV_ILN_2142 
912 |a GBV_ILN_2178 
912 |a GBV_ILN_2195 
912 |a GBV_ILN_2208 
912 |a GBV_ILN_2227 
912 |a GBV_ILN_2228 
912 |a GBV_ILN_2247 
912 |a GBV_ILN_2301 
912 |a GBV_ILN_2390 
912 |a GBV_ILN_2425 
912 |a GBV_ILN_2466 
912 |a GBV_ILN_2506 
912 |a GBV_ILN_2552 
912 |a GBV_ILN_2579 
912 |a GBV_ILN_4012 
912 |a GBV_ILN_4027 
912 |a GBV_ILN_4028 
912 |a GBV_ILN_4029 
912 |a GBV_ILN_4037 
912 |a GBV_ILN_4038 
912 |a GBV_ILN_4082 
912 |a GBV_ILN_4103 
912 |a GBV_ILN_4112 
912 |a GBV_ILN_4125 
912 |a GBV_ILN_4126 
912 |a GBV_ILN_4155 
912 |a GBV_ILN_4246 
912 |a GBV_ILN_4253 
912 |a GBV_ILN_4302 
912 |a GBV_ILN_4305 
912 |a GBV_ILN_4306 
912 |a GBV_ILN_4310 
912 |a GBV_ILN_4323 
912 |a GBV_ILN_4325 
912 |a GBV_ILN_4385 
935 |a BWLB 
951 |a AR 
952 |j 1985  |h 117-121  |y 36. 1985. - S. 117 - 121 
980 |2 2568  |1 01  |x DE-631  |b 4436808351  |c 00  |f --%%--  |d --%%--  |e --%%--  |j n  |k Nachweis der Landesbibliographie Baden-Württemberg  |y l01  |z 11-12-23